Statistics for Ultimate F1 quiz II

Click here to take the quiz!

General Stats

  • This quiz has been taken 6 times
  • The average score is 14 of 24

Answer Stats

HintAnswer% Correct
In 2021, Mercedes won the constructors champshionship while a non-mercedes driver won the drivers championships. When was the last time the drivers and constructors winners were from different teams?2008
100%
who placed third in the drivers championships in 2021Valteri Bottas
100%
How many Races did Nick de Vries complete before being relieved of his Alpha Tauri seat10
75%
How many times did Oscar Piastri take the fastest lap in the 2023 season2
75%
How many drivers drove for Redbull between 2018-2021 (inclusive)5
75%
Who took pole position in the first race of 2022Charles Leclerc
75%
Who took Sebastian Vettel's seat after his retirementFernando Alonso
75%
As of 2024, who holds the record for most podiums without a race winLando Norris
75%
Who filled in for Romain Grojean while he recovered from his famous crashPietro Fittipaldi
75%
Where did Oscar Piastri win his first race, and McLaren's first sprint victoryQatar
75%
What was Aston Martin known as prior to the 2021 seasonRacing Point
75%
Nico Hulkenberg took Mick Schumacher's seat at Haas in 2023. Who did Nico Hulkenberg last race for?Renault
75%
Who tested positive for COVID-19 a day before the British GP, the first driver to do soSergio Pérez
75%
Why was the Emilia Romagna Grand Prix cancelled in 2023?Flooding
50%
Who took pole at the Hungarian GP of the same year?George Russell
50%
Who drove for Haas in one race in 2020Mick Schumacher
50%
Who took part in free practice sessions for Haas in 2023Oliver Bearman
50%
Where did Max Emilian Verstappen take his 100th podiumSaudi Arabia
50%
What was the first race of the 2020 seasonAustrian Grand Prix
25%
The DAS system developed by Mercedes in 2020 was banned, starting from 2021. What does DAS stand for ?dual-axis steering
25%
What race did Pierre Gasly win in the 2020 seasonItalian Grand Prix
25%
Who took the first DNF of the 2024 seasonPierre Gasly
0%
Floor edges were raised 15mm as well as the throat of the diffuser to avoid excessive ______porpoising
0%
Where did LH break Michael Schumachers race win recordPortuguese Grand Prix
0%

Score Distribution

Percentile by Number Answered

Percent of People with Each Score

Your Score History

You have not taken this quiz